000 00778cam a2200181 i 4500
005 20251214094057.0
008 250721s2019 jo gr 000 0 ara d
082 1 4 _a216.393
_bع د ا
100 1 _aالعداربه، بيان ابراهيم
_eمؤلف.
245 1 2 _aالاملاك الوقفية الاسلامية في محافظة العاصمة عمان وسبل تنميتها :
_b(1365-1419ه/1946-1999 م) دراسة تاريخية وثائقية /
_cأ. بيان ابراهيم سلامة العداربه.
264 3 1 _aالزرقاء :
_bالمؤلف،
_c2019.
300 _a219صفحة.
650 1 7 _aالاوقاف الاسلامية.
650 1 7 _aالوقف الخيري.
650 1 7 _aالاردن.
942 _2ddc
_cBK
999 _c144603
_d144603